000 01119nam a2200313Ia 4500
001 Para_5747
003 CHAP
008 220125s1983 xx 000 0 und d
010 _a204242
040 _cCHAP
090 _aPA TESIS 81
100 1 _aCruz Alcalá, Agustín
_929278
245 _aEvaluación de mezclas de herbicidas para el contrl de avena silvestre (Avena fatua L.) y malezas de hoja ancha en trigo (Triticum aestivum L.) en el Valle del Yaqui, Son. /
_c por Agustín Cruz Alcala
260 _aChapingo, Méx. :
_b el autor
300 _a42 h.
502 _aTesis (Ing. Agr. Esp. en Parasitología Agrícola) -- UACh. Departamento Parasitología Agrícola
650 _aAvena fatua
_98557
650 _aHerbicidas
_953691
650 _aTrigo
_x malas hierbas
_xcontrol
_9115054
650 _aTrigo
_x Valle del Yaqui, Son.
_9170209
710 _aUACh. Departamento Parasitología Agrícola
_9164025
901 _aPA TESIS 81
902 _aA
905 _a0000001983 0000000000 00
910 _a1983
942 _cPARA
942 _cPARA
_d1
999 _c204242
_d204242